| 000 | 00606nam a22001937a 4500 | ||
|---|---|---|---|
| 999 |
_c194447 _d194447 |
||
| 005 | 20221220145348.0 | ||
| 010 | _aUR-11818 | ||
| 020 |
_a9789354915093 _c230.00 |
||
| 035 | _aU-10373 | ||
| 037 | _bDBAD/PUB | ||
| 082 | _aن | ||
| 100 | _aنثار احمد | ||
| 245 |
_aقرنگ کا قیدی / _cنثار احمد _bا ر د و |
||
| 246 |
_aFirang Ka Kaidi / _bby Nisar Ahmed |
||
| 260 |
_aNew Delhi _bNational Book Trust _c2022 ء |
||
| 270 |
_a5, Nehru Bhawan, Institutional Area 2 Vasant Kunj _bNew Delhi _e110070 |
||
| 300 |
_a140 ص _c22cm(pbk) |
||
| 942 |
_2ddc _cUR _hن _mن ث ا _e |
||